000 00358nam a2200145Ia 4500
008 220928s9999 xx 000 0 und d
082 _bTRI
100 _aTRIPATHI, RAKESH M.
245 0 _aUPASAK TATER KI ATMA VIGYAN T.V. VARTAIN -2
260 _bSOGANI PRAKASHAN, JAIPUR
_c2021
300 _a239
650 _aGeneral
942 _cBK
999 _c208302
_d208302
041 _aHINDI